Catalog

Record Details

Catalog Search



Battle below : DC Super Friends Cover Image Book Book

Battle below : DC Super Friends/ by Steve Korté ; illustrated by Erik Doescher, Mike DeCarlo, and David Tanguay.

Korté, Steve,: (author.). Doescher, Erik,: (illustrator.). DeCarlo, Mike, L (Illustrator). Tanguay, David. (Added Author).

Summary:

Metropolis is in trouble. Sinestro, Atrocitus and Dex-Star have a canon and an evil plan. It’s up to Superman, Green Lantern, Supergirl, and her cat Streaky to save the day in this super, exciting reader.

Record details

  • Physical Description: 17 pages: color illustrations ; 23 cm
  • Publisher: Ashland, OH : Bendon, 2024

Content descriptions

General Note:
"For ages 5-7."
"Superman created by Jerry Siegel and Joe Shuster."
Subject: Superheroes > Juvenile fiction.
Heroes > Juvenile fiction.
Superhéros > Romans, nouvelles, etc. pour la jeunesse.
Metropolis > Juvenile fiction.

Available copies

  • 1 of 1 copy available at scottsboropl.

Holds

  • 0 current holds with 1 total copy.
Show Only Available Copies
Location Call Number / Copy Notes Barcode Shelving Location Status Due Date
scottsboropl BR DCS 32269001285439 Juvenile - Beginning Reader Available -

LDR 01500nam a2200433 i 4500
001166741
003SBPL
00520251112112304.0
008241030s2024 ohua b 000 1 eng d
024 1. ‡a195464434628
035 . ‡a(OCoLC)1499171257
1001 . ‡aKorté, Steve,: ‡eauthor.
24510. ‡aBattle below : ‡bDC Super Friends/ ‡cby Steve Korté ; illustrated by Erik Doescher, Mike DeCarlo, and David Tanguay.
2461 . ‡iAt head of title: ‡aDC Super Friends
264 1. ‡aAshland, OH : ‡bBendon, ‡c2024
300 . ‡a17 pages: ‡bcolor illustrations ; ‡c23 cm
336 . ‡atext ‡btxt ‡2rdacontent
336 . ‡astill image ‡bsti ‡2rdacontent
337 . ‡aunmediated ‡bn ‡2rdamedia
338 . ‡avolume ‡bnc ‡2rdacarrier
4901 . ‡aDC Super Friends
500 . ‡a"For ages 5-7."
500 . ‡a"Superman created by Jerry Siegel and Joe Shuster."
520 . ‡aMetropolis is in trouble. Sinestro, Atrocitus and Dex-Star have a canon and an evil plan. It’s up to Superman, Green Lantern, Supergirl, and her cat Streaky to save the day in this super, exciting reader.
650 0. ‡aSuperheroes ‡vJuvenile fiction.
650 0. ‡aHeroes ‡vJuvenile fiction.
650 6. ‡aSuperhéros ‡vRomans, nouvelles, etc. pour la jeunesse.
651 0. ‡aMetropolis ‡vJuvenile fiction.
7001 . ‡aDoescher, Erik,: ‡eillustrator.
7001 . ‡aDeCarlo, Mike, L ‡eIllustrator
7001 . ‡aTanguay, David.
800 0. ‡aDC Super Friends.
901 . ‡a166741 ‡bAUTOGEN ‡c166741 ‡tbiblio

Additional Resources